000 00461nam a2200169 i 4500
001 126110
003 ES-MaACL
005 20230906192745.0
007 t|
008 070214s1936 fr r ||||1| fre d
100 1 _aReinhard, Marcel.
_996052
245 1 3 _aLa légende de Henri IV /
_cMarcel Reinhard.
260 _aParis :
_bHachette,
_c1936.
300 _a173 p. ;
_c26 cm.
600 0 4 _aEnrique
_bIV
_cRey de Francia.
_947271
852 _aES-MaACL
_jA-4419
999 _c126110
_d126110